| 000 -LEADER |
| fixed length control field |
00717nam a22002057a 4500 |
| 005 - DATE AND TIME OF LATEST TRANSACTION |
| control field |
20240502121508.0 |
| 008 - FIXED-LENGTH DATA ELEMENTS--GENERAL INFORMATION |
| fixed length control field |
240502s2007 enk||||| |||| 00| 0 eng d |
| 020 ## - INTERNATIONAL STANDARD BOOK NUMBER |
| International Standard Book Number |
9780192630841x |
| 041 ## - LANGUAGE CODE |
| Language code of text/sound track or separate title |
eng |
| 080 ## - UNIVERSAL DECIMAL CLASSIFICATION NUMBER |
| Universal Decimal Classification number |
616.8+612 G-38 |
| 245 ## - TITLE STATEMENT |
| Title |
Geriatric Consultation Liaison Psychiatry / |
| Statement of responsibility, etc. |
Editor Pamela Melding, Brian Draper. |
| 264 ## - PRODUCTION, PUBLICATION, DISTRIBUTION, MANUFACTURE, AND COPYRIGHT NOTICE |
| Place of production, publication, distribution, manufacture |
Oxford : |
| Name of producer, publisher, distributor, manufacturer |
Oxford University Press, |
| Date of production, publication, distribution, manufacture, or copyright notice |
2007. |
| 300 ## - PHYSICAL DESCRIPTION |
| Extent |
220 p: |
| Other physical details |
ill.; |
| Dimensions |
24 cm. |
| 653 ## - INDEX TERM--UNCONTROLLED |
| keyword |
გერიატრია |
| 653 ## - INDEX TERM--UNCONTROLLED |
| keyword |
ფსიქიატრია |
| 653 ## - INDEX TERM--UNCONTROLLED |
| keyword |
მედიცინა |
| 700 ## - ADDED ENTRY--PERSONAL NAME |
| Personal name |
Melding, Pamela |
| Relator term |
რედაქტორი |
| 9 (RLIN) |
22040 |
| 700 ## - ADDED ENTRY--PERSONAL NAME |
| Personal name |
Draper, Brian |
| Relator term |
რედაქტორი |
| 9 (RLIN) |
22041 |
| 942 ## - ADDED ENTRY ELEMENTS (KOHA) |
| Source of classification or shelving scheme |
|
| Koha item type |
წიგნი |